Statistics for Countries With the Greatest Immigration Growth

Click here to take the quiz!

General Stats

  • This quiz has been taken 1,326 times
  • The average score is 16 of 22

Answer Stats

ChangeCountry% Correct
23.38 milUnited States
100%
4.89 milUnited Kingdom
97%
1.89 milFrance
96%
6.07 milGermany
96%
3.50 milCanada
95%
5.03 milSpain
93%
4.36 milItaly
92%
2.81 milAustralia
89%
1.80 milTurkey
78%
5.19 milSaudi Arabia
75%
6.79 milUnited Arab Emirates
74%
1.38 milQatar
66%
1.98 milSouth Africa
64%
1.28 milSouth Korea
60%
1.79 milKuwait
54%
1.05 milSwitzerland
53%
3.38 milThailand
52%
1.54 milOman
51%
1.82 milSingapore
50%
1.97 milJordan
43%
1.82 milMalaysia
43%
1.47 milLebanon
37%

Score Distribution

Percentile by Number Answered

Percent of People with Each Score

Your Score History

You have not taken this quiz